000 00826nam a2200253 a 4500
005 20240913063831.0
008 030310s2000 mx r 000 0 spa d
020 _a8470307983
035 _aUPN01000122683
040 _aUPN
_bspa
_cUPN
049 _aCG
050 4 _aJN8371
_bV3.3
100 1 _aVarela Ortega, José
245 1 0 _aElecciones, alternancia y democracia España-México, una reflexión comparativa /
_cJosé Varela Ortega, Luis Medina Peña ; pról. Mercedes Cabrera Calvo-Sotelo.
260 _aMadrid :
_bBiblioteca Nueva,
_c2000.
300 _a303 p.
440 0 _aHistoria.
_pBiblioteca nueva
650 4 _aELECCIONES -
_zESPAÑA
_920145
650 2 _aElecciones
_zMéxico
_95520
650 4 _aDemocracia
_96020
700 1 _aMedina Peña, Luis
_ecoaut.
_929278
905 _aLibro
942 _2lcc
_cLIBRO
999 _c94866
_d94866